01097nam a2200193Ia 4500001000900000003001000009008004100019040002500060041001300085100001900098245000900117250001100126260005300137300002800190500026400218501011400482520026400596650004300860L085-435IT-CnALBA170116s9999||||xx |||||||||||||| ||und|| aIT-CnALBAcIT-CnALBA aITALIANO aORIANI ALFREDO 0aSI'  a2a ed. a FIRENZEbCAPELLI EDITORE c1927 [1° Ed.: n.d.] a175 p. (prefazione: 14) aROMANZO NON TERMINATO. L'AUTORE LOTTA CONTRO LA REALTÀ CHE LO MORTIFICA E LO CONSUMA E DALLA QUALE INVANO TENTA DI SALVARSI. LA PRESENZA DEI VILLANI LO IRRITA. PROBLEMI DI IERI DI OGGI DI SEMPRE CHE AFFRONTA E RIPENSA. IL SUO PENSIERO POLITICO NON È APPRE aSocietà San Paolo EM - Piazza San Paolo, 14 - 12051 ALBA (CN) (non commercial uses only) ® Copyright 2017 aROMANZO NON TERMINATO. L'AUTORE LOTTA CONTRO LA REALTÀ CHE LO MORTIFICA E LO CONSUMA E DALLA QUALE INVANO TENTA DI SALVARSI. LA PRESENZA DEI VILLANI LO IRRITA. PROBLEMI DI IERI DI OGGI DI SEMPRE CHE AFFRONTA E RIPENSA. IL SUO PENSIERO POLITICO NON È APPRE aRACCOLTE DI CARATTERE GEN. IN ITALIANO